[Event "Lichtenberger Sommer 2018"]
[Site "?"]
[Date "2018.08.21"]
[Round "4.97"]
[White "Eichstädt, Torsten"]
[Black "Plaza Reino, Mateo"]
[Result "1/2-1/2"]
[WhiteElo "1361"]
[BlackElo "1410"]
[PlyCount "58"]
[EventDate "2018.??.??"]
[WhiteTeam "SC Friesen Lichtenberg"]
[BlackTeam "Enniscorthy Chess Club"]

1. e4 c5 2. Nf3 d6 3. d4 cxd4 4. c3 dxc3 5. Bc4 Nf6 6. e5 c2 7. Qxc2 dxe5 8.
Nxe5 g6 9. O-O e6 10. Rd1 Nbd7 11. b3 Bg7 12. Ba3 a6 13. Nxf7 Qc7 14. Bd6 Qc6
15. Nc3 Kxf7 16. Bxe6+ Kxe6 17. Qe2+ Kf5 18. g4+ Nxg4 19. Qd3+ Kf6 20. Rac1
Qh1+ 21. Kxh1 Nxf2+ 22. Kg2 Nxd3 23. Rxd3 Kf7 24. Nd5 b5 25. Rc7 Ke6 26. Nf4+
Kf7 27. Re3 Re8 28. Rf3 Kg8 29. Nd5 Re2+ 1/2-1/2

[Event "Lichtenberger Sommer 2018"]
[Site "?"]
[Date "2018.08.21"]
[Round "4.98"]
[White "Mayer, Herbert"]
[Black "Ruddat, Mathias"]
[Result "1-0"]
[WhiteElo "1840"]
[BlackElo "1399"]
[PlyCount "93"]
[EventDate "2018.??.??"]
[WhiteTeam "SC Rochade (Berlin)"]
[BlackTeam "SV Rüdersdorf"]

1. c4 e5 2. Nc3 Nf6 3. g3 Bc5 4. Bg2 O-O 5. e3 c6 6. a3 d5 7. b4 Be7 8. c5 Bf5
9. d4 exd4 10. Qxd4 Ne4 11. Bxe4 dxe4 12. Nge2 Bf6 13. Qxd8 Rxd8 14. Bb2 Nd7
15. Nd4 Bg6 16. O-O Ne5 17. Nce2 Nf3+ 18. Kg2 h5 19. Ra2 Be5 20. Ba1 h4 21.
Nxf3 exf3+ 22. Kxf3 Bxa1 23. Rfxa1 hxg3 24. hxg3 Re8 25. Kg2 Be4+ 26. Kg1 a5
27. Rb2 a4 28. Rd2 Red8 29. Rad1 Rxd2 30. Rxd2 Rb8 31. f4 b5 32. Rd4 Re8 33.
Kf2 Re6 34. g4 f5 35. Ng3 g6 36. Nxe4 fxe4 37. Kg3 Kf7 38. Kh4 Kg7 39. Kg5 Kf7
40. Rd7+ Kf8 41. f5 gxf5 42. gxf5 Re5 43. Kf6 Rd5 44. Ke6 Rd3 45. f6 Ke8 46.
Ra7 Rd8 47. Rh7 1-0

[Event "Lichtenberger Sommer 2018"]
[Site "?"]
[Date "2018.08.21"]
[Round "4.99"]
[White "Pöltelt, Helmut"]
[Black "Ruddat, Jarne"]
[Result "1-0"]
[WhiteElo "1714"]
[BlackElo "1347"]
[PlyCount "41"]
[EventDate "2018.??.??"]
[WhiteTeam "SC Eintracht Berlin"]
[BlackTeam "SV Rüdersdorf"]

1. e4 c5 2. Nc3 Nc6 3. g3 e5 4. d3 Nge7 5. Bg2 Ng6 6. Nge2 Be7 7. Nd5 d6 8. O-O
O-O 9. Nxe7+ Qxe7 10. Nc3 Be6 11. h3 Qd7 12. Kh2 Nge7 13. f4 f5 14. exf5 Bxf5
15. g4 Be6 16. f5 Bf7 17. Bg5 h6 18. Bh4 Qc7 19. Qd2 Qb6 20. f6 Ng6 21. fxg7
1-0

[Event "Lichtenberger Sommer 2018"]
[Site "?"]
[Date "2018.08.21"]
[Round "4.100"]
[White "Dittrich, Hans-Jürgen"]
[Black "Schild, Reinhard"]
[Result "0-1"]
[WhiteElo "1307"]
[BlackElo "1601"]
[PlyCount "61"]
[EventDate "2018.??.??"]
[WhiteTeam "SC Eintracht Berlin"]
[BlackTeam "SG Weißensee 49"]

1. d4 d5 2. Bf4 e6 3. Nf3 Bd6 4. Bg3 Nf6 5. Nbd2 c6 6. e3 O-O 7. Bd3 Qe7 8.
Bxd6 Qxd6 9. c3 Nbd7 10. h3 Re8 11. Qc2 h6 12. O-O-O c5 13. Bb5 a6 14. Bxd7
Bxd7 15. Ne5 b5 16. f3 Rec8 17. Nb3 cxd4 18. exd4 Be8 19. Nc5 Rxc5 20. Nxf7
Qf4+ 21. Rd2 Rc7 22. Ne5 Qf5 23. Qxf5 exf5 24. Re1 Rac8 25. Nd3 a5 26. a3 Rc4
27. Kb1 R4c7 28. Rde2 Kf8 29. Nc5 Kf7 30. Re5 Kg8 31. Rxf5 0-1

[Event "Lichtenberger Sommer 2018"]
[Site "?"]
[Date "2018.08.21"]
[Round "4.101"]
[White "Wieczorek, Martin"]
[Black "Morczynski, Ryszard"]
[Result "1-0"]
[WhiteElo "1426"]
[BlackElo "1284"]
[PlyCount "43"]
[EventDate "2018.??.??"]
[WhiteTeam "SK Dessau 93"]
[BlackTeam "SK Zehlendorf"]

1. d4 f5 2. c4 Nf6 3. g3 d6 4. Bg2 g6 5. Nf3 Bg7 6. Qb3 c5 7. dxc5 Qa5+ 8. Bd2
Qxc5 9. O-O O-O 10. Be3 Qc7 11. c5+ Kh8 12. cxd6 exd6 13. Ng5 Ne4 14. Nxe4 fxe4
15. Bxe4 Nc6 16. Nd2 Re8 17. Bd5 Bf5 18. Nf3 Bf6 19. Rac1 Rab8 20. Ng5 Qd7 21.
Nf7+ Kg7 22. Bh6+ 1-0

[Event "Lichtenberger Sommer 2018"]
[Site "?"]
[Date "2018.08.21"]
[Round "4.103"]
[White "Jiranek, Benno"]
[Black "Motsch, Sebastian"]
[Result "1-0"]
[WhiteElo "1469"]
[BlackElo "1292"]
[PlyCount "99"]
[EventDate "2018.??.??"]
[WhiteTeam "SC Kreuzberg"]
[BlackTeam "vereinslos"]

1. d4 d5 2. c4 c6 3. Nc3 Nf6 4. Nf3 e6 5. Bg5 dxc4 6. Bxf6 Qxf6 7. e4 b5 8. a3
a6 9. Be2 Nd7 10. O-O Bb7 11. Rb1 Rd8 12. Qc2 e5 13. Rbd1 Bd6 14. dxe5 Nxe5 15.
Nxe5 Bxe5 16. Rxd8+ Qxd8 17. Bf3 O-O 18. Rd1 Qg5 19. g3 Bc8 20. Bg2 h5 21. f4
Bd4+ 22. Rxd4 Qc5 23. Qf2 Qe7 24. Qd2 h4 25. f5 hxg3 26. hxg3 Qe5 27. Kf2 Qc5
28. Kf3 Qe7 29. Ne2 c5 30. Rd6 Bb7 31. Kf4 g5+ 32. Kg4 Bxe4 33. Kh3 Bxg2+ 34.
Kxg2 Qe4+ 35. Kh2 Qxf5 36. Ng1 Qh7+ 37. Kg2 Qe4+ 38. Nf3 f6 39. Qd5+ Qxd5 40.
Rxd5 Rc8 41. Rd6 a5 42. Rxf6 Rf8 43. Rxf8+ Kxf8 44. Ne5 a4 45. Nd7+ Ke7 46.
Nxc5 Kf7 47. Ne4 b4 48. axb4 a3 49. bxa3 g4 50. Nd6+ 1-0

[Event "Lichtenberger Sommer 2018"]
[Site "?"]
[Date "2018.08.21"]
[Round "4.104"]
[White "Nguyen, Phuc Nhat"]
[Black "Kossueva, Fatima"]
[Result "0-1"]
[WhiteElo "1255"]
[BlackElo "1365"]
[PlyCount "56"]
[EventDate "2018.??.??"]
[WhiteTeam "SC Zugzwang 95 (Berlin)"]
[BlackTeam "SC Friesen Lichtenberg"]

1. e4 d6 2. Nf3 Nf6 3. Nc3 g6 4. Bc4 Bg7 5. d4 c6 6. h3 b5 7. Bb3 O-O 8. g4 Bb7
9. g5 Nfd7 10. h4 c5 11. a3 c4 12. Ba2 a6 13. b3 Nb6 14. Nd2 Bxd4 15. Bb2 d5
16. Qg4 Qd6 17. O-O-O Bxc3 18. Bxc3 Qxa3+ 19. Kb1 Na4 20. Ba1 Nc6 21. c3 cxb3
22. Nxb3 Rfc8 23. f4 d4 24. h5 Nb4 25. Qe2 dxc3 26. Nd4 c2+ 27. Nxc2 Qxa2+ 28.
Kc1 Rxc2+ 0-1

[Event "Lichtenberger Sommer 2018"]
[Site "?"]
[Date "2018.08.21"]
[Round "4.105"]
[White "Geist, Wolfgang"]
[Black "Zoller, Julia"]
[Result "1-0"]
[WhiteElo "1416"]
[BlackElo "854"]
[PlyCount "175"]
[EventDate "2018.??.??"]
[WhiteTeam "SC Weisse Dame (Berlin)"]
[BlackTeam "SC Friesen Lichtenberg"]

1. d4 d5 2. Nf3 Nf6 3. g3 g6 4. Bg2 Bg7 5. O-O O-O 6. c3 Bf5 7. Nbd2 Nbd7 8.
Re1 e6 9. Nh4 Re8 10. Nxf5 exf5 11. e3 c6 12. Nf1 Qc7 13. Bd2 Re6 14. Qc2 Rae8
15. Rad1 h5 16. h3 g5 17. Qxf5 g4 18. hxg4 hxg4 19. Qc2 Nf8 20. Qc1 Ng6 21. Nh2
Nh5 22. Nf1 f5 23. Qc2 Qf7 24. Qc1 Bh6 25. b4 Qf6 26. b5 Kf7 27. bxc6 bxc6 28.
Qb1 R6e7 29. a4 Rd7 30. a5 Rh8 31. Qb2 Bf8 32. Qc2 Bd6 33. c4 Ne7 34. cxd5 cxd5
35. Qd3 Ng7 36. a6 Ne8 37. Rb1 Rc7 38. Rb7 Rxb7 39. axb7 Ng7 40. Qa6 Ne6 41.
Qxa7 Bc7 42. Ba5 Bb8 43. Qa6 Qh6 44. Bd2 Qh7 45. Bb4 Ng6 46. Bd6 Qg8 47. Bxb8
Qxb8 48. Bxd5 Re8 49. Bxe6+ Rxe6 50. Qa8 Re8 51. Qxb8 Rxb8 52. Rb1 Nf8 53. d5
Nd7 54. Rb5 Ke7 55. Nd2 Rd8 56. Nc4 Nb8 57. d6+ Kd7 58. Rb6 Re8 59. Na3 Re5 60.
Nb5 Re8 61. Na7 Re6 62. Nc8 Re8 63. Kf1 Ke6 64. Ke2 Kd5 65. Kd3 Kc5 66. Rb3 Kc6
67. Rb6+ Kd7 68. Ne7 Rf8 69. Nc8 Rd8 70. Kc4 Rh8 71. Kd5 Rh2 72. Rb2 Rh5 73.
Ke5 Nc6+ 74. Kf4 Nb8 75. Rc2 Ke6 76. Rc7 Rh2 77. Re7+ Kf6 78. e4 Rxf2+ 79. Ke3
Rf3+ 80. Kd4 Nc6+ 81. Kc5 Nxe7 82. dxe7 fxe4 83. e8=Q Rf5+ 84. Kc6 Re5 85.
Qxe5+ Kxe5 86. b8=Q+ Kd4 87. Qb4+ Ke3 88. Nd6 1-0

[Event "Lichtenberger Sommer 2018"]
[Site "?"]
[Date "2018.08.22"]
[Round "5.1"]
[White "Stern, René"]
[Black "Florstedt, Johannes"]
[Result "1-0"]
[WhiteElo "2519"]
[BlackElo "2306"]
[PlyCount "69"]
[EventDate "2018.??.??"]
[WhiteTeam "SK König Tegel"]
[BlackTeam "SF 1903 Berlin"]

1. Nf3 Nf6 2. c4 g6 3. Nc3 d5 4. cxd5 Nxd5 5. e4 Nxc3 6. dxc3 Qxd1+ 7. Kxd1 f6
8. Be3 e5 9. Nd2 Nd7 10. Nb3 a5 11. a4 b6 12. Kc2 Bb7 13. f3 Bd6 14. Bc4 Ke7
15. Rhd1 Rhd8 16. Bd5 Bxd5 17. Rxd5 h5 18. Rad1 Rab8 19. g3 Ra8 20. Re1 Rab8
21. Rdd1 Rh8 22. Re2 Ra8 23. Nd2 Bc5 24. Nc4 Bxe3 25. Nxe3 c6 26. Red2 Ra7 27.
Nc4 Rc7 28. Rd6 Rb8 29. f4 exf4 30. gxf4 Nc5 31. e5 Rf8 32. h4 Ne4 33. Re1 b5
34. exf6+ Kf7 35. Ne5+ 1-0

[Event "Lichtenberger Sommer 2018"]
[Site "?"]
[Date "2018.08.22"]
[Round "5.3"]
[White "Hacker, Jonas"]
[Black "Sieglen, Joachim"]
[Result "1/2-1/2"]
[WhiteElo "2316"]
[BlackElo "2196"]
[PlyCount "57"]
[EventDate "2018.??.??"]
[WhiteTeam "SC Eppingen"]
[BlackTeam "SC Untergrombach"]

1. e4 e6 2. d4 d5 3. Nc3 Bb4 4. e5 c5 5. a3 Bxc3+ 6. bxc3 Ne7 7. Qg4 Qc7 8.
Qxg7 Rg8 9. Qxh7 cxd4 10. Ne2 Nbc6 11. f4 dxc3 12. Qd3 d4 13. Ng3 Bd7 14. Be2
Nf5 15. Nxf5 exf5 16. O-O O-O-O 17. Rb1 f6 18. exf6 Rgf8 19. a4 Rxf6 20. Bf3
Be6 21. Ba3 Bd5 22. Bxd5 Rxd5 23. Rb5 Qf7 24. Re1 Re6 25. Reb1 Re3 26. Qc4 Rxb5
27. Qxf7 Rxb1+ 28. Kf2 Rbe1 29. Bd6 1/2-1/2

[Event "Lichtenberger Sommer 2018"]
[Site "?"]
[Date "2018.08.22"]
[Round "5.4"]
[White "Figura, Atila Gajo"]
[Black "Möller, Dustin"]
[Result "1-0"]
[WhiteElo "2389"]
[BlackElo "2149"]
[PlyCount "97"]
[EventDate "2018.??.??"]
[WhiteTeam "SK Zehlendorf"]
[BlackTeam "Eckernförder SC"]

1. Nf3 d5 2. g3 Nf6 3. Bg2 e6 4. O-O c5 5. d3 Nc6 6. Nbd2 g6 7. e4 Bg7 8. exd5
Nxd5 9. Ne4 b6 10. Bg5 f6 11. Bd2 O-O 12. a3 e5 13. Re1 Be6 14. Qe2 Rc8 15. c4
Nde7 16. b4 Nf5 17. Rab1 Ncd4 18. Nxd4 Nxd4 19. Qf1 Rf7 20. Rb2 Rd7 21. bxc5
bxc5 22. Reb1 h6 23. Rb7 f5 24. Rxd7 Qxd7 25. Rb7 Qxb7 26. Nf6+ Bxf6 27. Bxb7
Rb8 28. Bh1 Rb2 29. Bxh6 Ne2+ 30. Kg2 g5 31. Qa1 Rc2 32. h4 gxh4 33. Qb1 Nd4
34. Be3 Rc3 35. Qb8+ Kg7 36. Qxa7+ Kg6 37. Bxd4 cxd4 38. Qb6 Bf7 39. Qb1 hxg3
40. fxg3 Rxa3 41. Kh2 e4 42. dxe4 Be5 43. exf5+ Kf6 44. Qb5 Bxg3+ 45. Kg1 Bf4
46. Bd5 Be3+ 47. Kg2 Ra2+ 48. Kg3 Rf2 49. Qd7 1-0

[Event "Lichtenberger Sommer 2018"]
[Site "?"]
[Date "2018.08.22"]
[Round "5.5"]
[White "Polatel, Ali"]
[Black "McGowan, Daniel"]
[Result "1/2-1/2"]
[WhiteElo "2230"]
[BlackElo "2139"]
[PlyCount "205"]
[EventDate "2018.??.??"]
[WhiteTeam "SC Zugzwang 95 (Berlin)"]
[BlackTeam "SF 1903 Berlin"]

1. d4 e6 2. Nf3 Nf6 3. g3 d5 4. c4 Bb4+ 5. Bd2 Bd6 6. Bg2 O-O 7. O-O c6 8. Qc2
Nbd7 9. Nc3 dxc4 10. Bf4 Bxf4 11. gxf4 Nd5 12. e3 Qc7 13. a4 Nxc3 14. Qxc3 b5
15. b3 Bb7 16. bxc4 bxc4 17. Qxc4 c5 18. Rfc1 Bd5 19. Qc2 Rfc8 20. Ng5 g6 21.
Bxd5 exd5 22. dxc5 Nxc5 23. Qd1 Qd7 24. Qf3 h6 25. Nh3 Qf5 26. Kg2 Ne4 27. Ng1
Rxc1 28. Rxc1 Rc8 29. Rxc8+ Qxc8 30. Qd1 Qc4 31. Ne2 a5 32. Nd4 Qa2 33. Qc2
Qxc2 34. Nxc2 Nc3 35. Nd4 Nxa4 36. Nc6 Nb6 37. Nxa5 Kg7 38. Nc6 Kf6 39. Kf3 Nd7
40. Nb4 Ke6 41. Ke2 Nc5 42. Nc6 Nd7 43. Nd4+ Kd6 44. Kf3 Nf6 45. h4 Kd7 46. Ke2
Kd6 47. f3 Kd7 48. Kd3 Kd6 49. Ne2 Nd7 50. Ng3 Nc5+ 51. Kc3 Ne6 52. f5 Ng7 53.
fxg6 fxg6 54. Kd3 Ne6 55. Ne2 Ke5 56. f4+ Kd6 57. Ng3 d4 58. f5 gxf5 59. Nxf5+
Ke5 60. Nxd4 Ng7 61. Ke2 Ke4 62. Kf2 Nh5 63. Ne2 Nf6 64. Ng3+ Ke5 65. Kf3 Nd5
66. Nh1 Nf6 67. Nf2 Kf5 68. e4+ Ke5 69. Ke3 Ke6 70. Kd4 Nd7 71. Nd3 Kf6 72. Ke3
Ke6 73. Nf4+ Kf6 74. Nd5+ Ke5 75. Nf4 Nf6 76. Nd3+ Ke6 77. Ne1 Ke5 78. Nf3+ Ke6
79. Kd3 Ng4 80. Kd4 Nf6 81. Ne5 Ng8 82. Ng4 h5 83. Ne5 Ne7 84. Nf3 Ng6 85. Kc5
Nf4 86. Kc4 Kd6 87. Kd4 Ke6 88. Ng5+ Kf6 89. Nh7+ Kg7 90. Ng5 Kf6 91. e5+ Kf5
92. Nf3 Ng2 93. Kd3 Nf4+ 94. Kd4 Ng2 95. Kd5 Nf4+ 96. Kd6 Kg4 97. Ne1 Ng6 98.
e6 Nxh4 99. Nd3 Nf5+ 100. Ke5 Kg5 101. Ne1 h4 102. Nf3+ Kg6 103. Nxh4+ 1/2-1/2

[Event "Lichtenberger Sommer 2018"]
[Site "?"]
[Date "2018.08.22"]
[Round "5.6"]
[White "Albrecht, Rainer"]
[Black "Hesse, Henrik"]
[Result "1/2-1/2"]
[WhiteElo "2083"]
[BlackElo "2137"]
[PlyCount "51"]
[EventDate "2018.??.??"]
[WhiteTeam "SC Kreuzberg"]
[BlackTeam "SV Mattnetz Berlin"]

1. d4 Nf6 2. Bf4 d5 3. e3 c5 4. c3 Nc6 5. Nd2 e6 6. Ngf3 cxd4 7. exd4 Nh5 8.
Be3 Bd6 9. Ne5 g6 10. Nd3 f6 11. g3 Ng7 12. Bg2 Nf5 13. Qb3 Nxe3 14. fxe3 Qc7
15. O-O f5 16. Rac1 Na5 17. Qd1 Bd7 18. b3 Bc6 19. Nf4 Qd7 20. b4 Ba4 21. Qe1
Nc6 22. Rf2 O-O 23. a3 a5 24. Bf1 axb4 25. axb4 Ne7 26. Nd3 1/2-1/2

[Event "Lichtenberger Sommer 2018"]
[Site "?"]
[Date "2018.08.22"]
[Round "5.7"]
[White "Wierzbicki, Jirawat"]
[Black "Nohr, Jonas"]
[Result "1/2-1/2"]
[WhiteElo "2187"]
[BlackElo "2100"]
[PlyCount "94"]
[EventDate "2018.??.??"]
[WhiteTeam "SK König Tegel"]
[BlackTeam "Königsjäger Süd-West"]

1. e4 e6 2. d3 d5 3. Qe2 Nc6 4. c3 dxe4 5. dxe4 e5 6. Qc2 Nf6 7. Nf3 a5 8. Bb5
Bd6 9. O-O O-O 10. Nbd2 Bg4 11. Be2 Qe7 12. Nc4 Bc5 13. Ne3 Be6 14. Ng5 Bxe3
15. Bxe3 Ng4 16. Bc1 Bc8 17. h3 Nf6 18. Be3 h6 19. Nf3 Nh5 20. Nxe5 Qxe5 21. f4
Nxf4 22. Bxf4 Qc5+ 23. Kh2 Nd4 24. Qd3 Nxe2 25. Qxe2 Be6 26. Qf3 Kh7 27. Qg3
Rac8 28. Rf3 Rfe8 29. Be5 f6 30. Bd4 Qg5 31. Qe1 c5 32. Be3 Qg6 33. Qh4 Bf7 34.
Rf4 Qg5 35. Qf2 Qe5 36. Kg1 Bg6 37. Re1 b6 38. Rg4 Bh5 39. Rh4 Bg6 40. Bf4 Qe6
41. Qe3 Qxe4 42. Qxe4 Rxe4 43. Rxe4 Bxe4 44. Bxh6 Bd5 45. Be3+ Kg6 46. Rg4+ Kf7
47. a3 b5 1/2-1/2

[Event "Lichtenberger Sommer 2018"]
[Site "?"]
[Date "2018.08.22"]
[Round "5.8"]
[White "Groß, Thorsten"]
[Black "Gullaksen, Eirik"]
[Result "0-1"]
[WhiteElo "2170"]
[BlackElo "2357"]
[PlyCount "130"]
[EventDate "2018.??.??"]
[WhiteTeam "SC Weisse Dame (Berlin)"]
[BlackTeam "Bergens Schakklub"]

1. e4 e5 2. Nf3 Nc6 3. Bb5 a6 4. Ba4 Nf6 5. d4 exd4 6. O-O Be7 7. Re1 O-O 8. e5
Nd5 9. c3 d6 10. cxd4 Bf5 11. Nc3 Nb6 12. Bxc6 bxc6 13. Bf4 Re8 14. Rc1 Qd7 15.
Bg3 h6 16. a3 a5 17. Na4 Reb8 18. exd6 cxd6 19. Nc5 Qd8 20. Ne4 Rc8 21. Qd2 Nd5
22. Rc4 Bf8 23. Qc1 Qd7 24. Qd2 Rcb8 25. Nc5 dxc5 26. Bxb8 Rxb8 27. dxc5 Qb7
28. Nd4 Bd7 29. b3 Be7 30. Rb1 Qa6 31. Qc2 Bf6 32. h3 g6 33. Qc1 Kg7 34. Qd1
Re8 35. Qd2 Kh7 36. Re1 Rb8 37. Qc2 Qb7 38. Qd2 Qa7 39. Rb1 Qc7 40. Qd1 Bc8 41.
Qd2 Ba6 42. Rc2 Re8 43. Rd1 Re4 44. Nxc6 Re2 45. Qxd5 Rxc2 46. b4 Bb7 47. b5
Bxc6 48. bxc6 Qe7 49. Qd7 Kg7 50. c7 Qxd7 51. Rxd7 Rxc5 52. Rd5 Rc1+ 53. Kh2 a4
54. Ra5 Bd4 55. Kg3 Rxc7 56. Rxa4 Rc3+ 57. f3 Bc5 58. h4 h5 59. Ra6 Bxa3 60.
Kf4 Rc4+ 61. Kg3 Be7 62. f4 Rc3+ 63. Kh2 Bxh4 64. Ra4 Bg3+ 65. Kh3 Bxf4+ 0-1

[Event "Lichtenberger Sommer 2018"]
[Site "?"]
[Date "2018.08.22"]
[Round "5.9"]
[White "Schliebener, Stephan"]
[Black "Teh, Eu Wen Aron"]
[Result "1/2-1/2"]
[WhiteElo "2131"]
[BlackElo "2286"]
[PlyCount "46"]
[EventDate "2018.??.??"]
[WhiteTeam "BSV 63 Chemie Weißensee"]
[BlackTeam "Imperial College Chess Club"]

1. c4 c5 2. Nf3 Nc6 3. g3 g6 4. Bg2 Bg7 5. O-O e5 6. Nc3 Nge7 7. d3 O-O 8. Nd5
d6 9. a3 h6 10. Rb1 Be6 11. Ne1 a5 12. Bd2 Rb8 13. b4 axb4 14. axb4 b5 15. bxc5
bxc4 16. Rxb8 Qxb8 17. dxc4 dxc5 18. Be3 Rd8 19. Bxc5 Nxd5 20. cxd5 Qb5 21. Qc2
Bxd5 22. Bxd5 Rxd5 23. Be3 Nd4 1/2-1/2

[Event "Lichtenberger Sommer 2018"]
[Site "?"]
[Date "2018.08.22"]
[Round "5.10"]
[White "Petersen, Soren Boeck"]
[Black "Elsing, Jan"]
[Result "1-0"]
[WhiteElo "2212"]
[BlackElo "2129"]
[PlyCount "57"]
[EventDate "2018.??.??"]
[WhiteTeam "Damhus Skakklub"]
[BlackTeam "SC Friesen Lichtenberg"]

1. e4 Nf6 2. e5 Nd5 3. d4 d6 4. Nf3 dxe5 5. Nxe5 c6 6. Be2 Nd7 7. Nf3 e6 8. O-O
Be7 9. c4 N5f6 10. Nc3 O-O 11. Bf4 b6 12. Qc2 Bb7 13. Rad1 Re8 14. Rfe1 Nf8 15.
Ne5 Ng6 16. Bg3 Nd7 17. Nxg6 hxg6 18. Bf3 Nf6 19. Qa4 Qd7 20. d5 exd5 21. cxd5
cxd5 22. Qxd7 Nxd7 23. Nxd5 Bf8 24. Ne7+ Bxe7 25. Bxb7 Rad8 26. Bc6 Nf6 27.
Bxe8 Rxd1 28. Rxd1 Nxe8 29. Rd7 1-0

[Event "Lichtenberger Sommer 2018"]
[Site "?"]
[Date "2018.08.22"]
[Round "5.11"]
[White "Poseck, Steffen"]
[Black "Boetzer, Detlef"]
[Result "1/2-1/2"]
[WhiteElo "2052"]
[BlackElo "2218"]
[PlyCount "91"]
[EventDate "2018.??.??"]
[WhiteTeam "BSV 63 Chemie Weißensee"]
[BlackTeam "SC Rotation Pankow"]

1. e4 c5 2. Nf3 g6 3. c3 d5 4. exd5 Qxd5 5. Na3 Bg7 6. Bc4 Qd8 7. O-O Nf6 8. d4
cxd4 9. cxd4 O-O 10. Re1 Nc6 11. h3 a6 12. Ne5 Na5 13. Be2 Be6 14. b4 Nc6 15.
Nxc6 bxc6 16. Bb2 Qb6 17. Nc4 Bxc4 18. Bxc4 Qxb4 19. Qc1 Qb7 20. Rb1 Qd7 21.
Qe3 e6 22. Ba3 Rfd8 23. Bc5 Nd5 24. Qa3 a5 25. Rb3 Bf8 26. Bxf8 Rxf8 27. Bxd5
Qxd5 28. Re5 Qxd4 29. Rxa5 Rxa5 30. Qxa5 c5 31. Qa3 Qa1+ 32. Kh2 Qe5+ 33. g3 c4
34. Re3 Qd5 35. Qc3 Ra8 36. Re2 h5 37. Rd2 Qc5 38. a4 Qc7 39. Qf6 c3 40. Rc2
Rc8 41. Qd4 Qa5 42. Kg2 Kh7 43. Qf6 Rc7 44. Kh2 Qb4 45. Qd8 Rc5 46. Qf8 1/2-1/2

[Event "Lichtenberger Sommer 2018"]
[Site "?"]
[Date "2018.08.22"]
[Round "5.13"]
[White "Kapp, Martin"]
[Black "Sabrowski, Uwe"]
[Result "1-0"]
[WhiteElo "2233"]
[BlackElo "2106"]
[PlyCount "87"]
[EventDate "2018.??.??"]
[WhiteTeam "SV Erzgebirge Stollberg"]
[BlackTeam "SC Friesen Lichtenberg"]

1. d4 f5 2. g3 Nf6 3. Bg2 g6 4. Nf3 Bg7 5. b3 O-O 6. Bb2 d6 7. O-O c6 8. c4 Qe8
9. Nbd2 Nbd7 10. Qc2 e5 11. dxe5 dxe5 12. e4 f4 13. c5 Qe7 14. Rac1 h6 15. Nh4
Kh7 16. Ndf3 fxg3 17. fxg3 Ng4 18. Rfe1 Re8 19. h3 Ngf6 20. Red1 Nh5 21. Kh2
Bf6 22. Rd6 Nf8 23. Qd2 Ng7 24. Bf1 g5 25. Nf5 Nxf5 26. exf5 Bxf5 27. Bd3 Bxd3
28. Qxd3+ e4 29. Bxf6 exd3 30. Bxe7 Rxe7 31. Rxd3 Re2+ 32. Kg1 Rae8 33. a3 R8e7
34. b4 Ng6 35. Kf1 Ra2 36. Re1 Rf7 37. Re2 Rxe2 38. Kxe2 Re7+ 39. Re3 Rd7 40.
Re6 Kg7 41. Rxg6+ Kxg6 42. Ne5+ Kf6 43. Nxd7+ Ke6 44. Nb8 1-0

[Event "Lichtenberger Sommer 2018"]
[Site "?"]
[Date "2018.08.22"]
[Round "5.14"]
[White "Hahlbohm, Matthias"]
[Black "Kohler, Thomas"]
[Result "0-1"]
[WhiteElo "2112"]
[BlackElo "2161"]
[PlyCount "118"]
[EventDate "2018.??.??"]
[WhiteTeam "TSG Oberschöneweide"]
[BlackTeam "SC Zitadelle Spandau"]

1. e4 e5 2. Nf3 Nc6 3. Bb5 a6 4. Ba4 Nf6 5. d3 b5 6. Bb3 Be7 7. c3 O-O 8. O-O
d5 9. Qe2 Bb7 10. Rd1 Qd6 11. Bg5 Na5 12. Bxf6 Bxf6 13. Bc2 Rfe8 14. Nbd2 c5
15. Nf1 d4 16. Ng3 g6 17. h3 Bc8 18. Rab1 Be6 19. b4 cxb4 20. cxb4 Nc6 21. a3
a5 22. Bb3 Bxb3 23. Rxb3 axb4 24. axb4 Ra4 25. Rdb1 Rea8 26. Qd2 Be7 27. Qh6
Bf8 28. Qh4 h5 29. Qg5 Kh7 30. Qd2 f6 31. Ne1 Ra1 32. Nc2 Rxb1+ 33. Rxb1 Ra4
34. Ne2 Nxb4 35. Nxb4 Rxb4 36. Rxb4 Qxb4 37. Qxb4 Bxb4 38. Nc1 f5 39. f3 Kh6
40. Kf2 Kg5 41. Nb3 Kf6 42. Ke2 Ke6 43. Kd1 Kd6 44. Kc2 Kc6 45. Nc1 Ba3 46. Ne2
f4 47. Kb3 Be7 48. Nc1 Kc5 49. Na2 Kb6 50. Nc1 Ka5 51. Na2 Bd6 52. Nc1 Bb4 53.
Ne2 Bd2 54. Kc2 Be1 55. Kb3 g5 56. Nc1 Bd2 57. Na2 b4 58. Kc2 Ka4 59. Kxd2 b3
0-1

[Event "Lichtenberger Sommer 2018"]
[Site "?"]
[Date "2018.08.22"]
[Round "5.15"]
[White "Amelang, Thomas"]
[Black "Schäfer, Heiko"]
[Result "1-0"]
[WhiteElo "2177"]
[BlackElo "1978"]
[PlyCount "59"]
[EventDate "2018.??.??"]
[WhiteTeam "Münchener SC"]
[BlackTeam "Potsdamer SV"]

1. e4 e6 2. d4 d5 3. exd5 exd5 4. Bd3 c5 5. Qe2+ Be6 6. dxc5 Bxc5 7. Nf3 Nf6 8.
Nbd2 O-O 9. Nb3 Bb6 10. Bg5 Re8 11. O-O-O Nbd7 12. Qd2 Qc7 13. Bf4 Qc6 14. Kb1
a6 15. Nfd4 Qa4 16. Bg5 Rac8 17. c3 Bg4 18. f3 Bh5 19. Nf5 Rc6 20. Bh6 Bg6 21.
Nxg7 Rec8 22. Nf5 Bd8 23. Be3 Ne5 24. Nh6+ Kg7 25. Bxg6 hxg6 26. Bd4 Nc4 27.
Qg5 Kf8 28. Rhe1 b5 29. Nf5 Ng8 30. Bg7# 1-0

[Event "Lichtenberger Sommer 2018"]
[Site "?"]
[Date "2018.08.22"]
[Round "5.17"]
[White "Eberlein, Johann"]
[Black "Moser, Axel"]
[Result "0-1"]
[WhiteElo "1936"]
[BlackElo "2144"]
[PlyCount "77"]
[EventDate "2018.??.??"]
[WhiteTeam "BSV 63 Chemie Weißensee"]
[BlackTeam "SC Kreuzberg"]

1. Nc3 Nf6 2. e4 e5 3. f4 d5 4. fxe5 Nxe4 5. d3 Nxc3 6. bxc3 Be7 7. Nf3 O-O 8.
Be2 c5 9. O-O Nc6 10. Qe1 f6 11. exf6 Bxf6 12. Bd2 Bf5 13. Qg3 Qd7 14. Kh1 Rae8
15. Bd1 b5 16. Rb1 a6 17. Re1 Kh8 18. Rxe8 Rxe8 19. Qf4 Qe6 20. h3 d4 21. cxd4
cxd4 22. Rb3 Bg6 23. Ng5 Qe7 24. Bf3 Rf8 25. Rb1 h6 26. Ne4 Be5 27. Qg4 Qf7 28.
Re1 Bb8 29. Ng5 Qc7 30. g3 Ne5 31. Ne6 Rxf3 32. Rxe5 Rf1+ 33. Kg2 Qxe5 34. Kxf1
Bf5 35. Qxd4 Bxe6 36. Qd8+ Kh7 37. Bf4 Bxh3+ 38. Kg1 Qe2 39. Qd5 0-1

[Event "Lichtenberger Sommer 2018"]
[Site "?"]
[Date "2018.08.22"]
[Round "5.18"]
[White "Hamann, Carsten"]
[Black "Püschel, Werner"]
[Result "1-0"]
[WhiteElo "2141"]
[BlackElo "2034"]
[PlyCount "59"]
[EventDate "2018.??.??"]
[WhiteTeam "Preetzer TSV"]
[BlackTeam "Lasker Steglitz-Wilmersdorf"]

1. e4 d5 2. exd5 Qxd5 3. Nc3 Qd6 4. d4 Nf6 5. Bg5 a6 6. Qd2 Bf5 7. Nf3 e6 8. a3
Nc6 9. Be2 Be7 10. O-O h6 11. Bf4 Qd8 12. Rad1 g5 13. Bg3 Nh5 14. d5 Nxg3 15.
fxg3 Bc5+ 16. Kh1 Ne7 17. Ne5 Bd6 18. Qe3 O-O 19. Bh5 Bxe5 20. dxe6 Bd6 21.
exf7+ Kh7 22. Ne4 Qc8 23. Nxd6 cxd6 24. Qxe7 Qxc2 25. Rxd6 Be4 26. Bf3 Bxf3 27.
gxf3 Qxb2 28. Qe4+ Kh8 29. Rxh6+ Kg7 30. Qg6# 1-0

[Event "Lichtenberger Sommer 2018"]
[Site "?"]
[Date "2018.08.22"]
[Round "5.19"]
[White "Jaeger, Andre"]
[Black "Krefenstein, Sergej"]
[Result "0-1"]
[WhiteElo "1974"]
[BlackElo "2120"]
[PlyCount "44"]
[EventDate "2018.??.??"]
[WhiteTeam "SC Rochade (Berlin)"]
[BlackTeam "TuS Makkabi Berlin"]

1. d4 Nf6 2. c4 e6 3. Nc3 Bb4 4. f3 c5 5. d5 d6 6. e4 b5 7. dxe6 Bxe6 8. cxb5
O-O 9. Bg5 h6 10. Bh4 g5 11. Bf2 d5 12. a3 Bxc3+ 13. bxc3 Qa5 14. Qd2 Nbd7 15.
Bd3 dxe4 16. Bxe4 Nxe4 17. fxe4 Nf6 18. Bxc5 Nxe4 19. Bb4 Nxd2 20. Bxa5 Nb3 21.
Bb4 Nxa1 22. Bxf8 Kxf8 0-1

[Event "Lichtenberger Sommer 2018"]
[Site "?"]
[Date "2018.08.22"]
[Round "5.20"]
[White "Simon, Ralf-Axel"]
[Black "Deutschbein, Christopher"]
[Result "1-0"]
[WhiteElo "2149"]
[BlackElo "1990"]
[PlyCount "59"]
[EventDate "2018.??.??"]
[WhiteTeam "SK Ricklingen"]
[BlackTeam "Eckernförder SC"]

1. Nf3 d5 2. g3 c5 3. Bg2 Nc6 4. d4 e6 5. O-O Nf6 6. c4 dxc4 7. Qa4 Bd7 8. Qxc4
Rc8 9. dxc5 Na5 10. Qh4 Rxc5 11. Bg5 Be7 12. Nbd2 Rb5 13. Rab1 Rb4 14. e4 Ng8
15. Bxe7 Qxe7 16. Qg4 f5 17. Qf4 Nc6 18. a3 Rb5 19. exf5 Rxf5 20. Qc7 Nd8 21.
Ne4 Rd5 22. Rfd1 Nf6 23. Nxf6+ Qxf6 24. Rxd5 exd5 25. Re1+ Be6 26. Qc5 Qe7 27.
Qxa7 O-O 28. Nd4 Qf7 29. Nxe6 Nxe6 30. Bxd5 1-0